NEUROLOGICKO - PSYCHIATRICKÁ SEKCIA

Bibliographic Details
Format: Article
Language:Slovak

MARC

LEADER 00000nab a2200000ua 4500
001 vtls010796102
003 SK-MaSNL
005 20260225193518.0
008 230214s1957 xo |||||||||||||||||slo|
035 |a (urnnbn)urn:nbn:sk:snk:ar-a03dmr 
035 |a (uuid)749a2bd9-6bab-4f19-9526-4403f464357c 
035 |a urn:nbn:sk:snk-ab588g 
040 |a SNKBUCL  |b slo  |c SNKBUCL  |e AACR2 
041 0 |a slo 
044 |a xo  |c SK 
245 0 0 |a NEUROLOGICKO - PSYCHIATRICKÁ SEKCIA 
773 0 |t Bratislavské lekárske listy  |g Roč. 37, č. 9 (1957), s. 561-567 
954 |a odborná, vedecká literatúra pôvodná (slovenská)  |2 lita 
958 |a OND 
958 |a EUIPO 
958 |a article3 
999 |c 1928792  |d 1930722